Legislaȯ̂ do condomn̕io Coletńea prt̀ica /

Detalles Bibliográficos
Autor principal: Krieger, Olga Maria
Otros Autores: de Queiroz, Luiz Fernando
Formato: eBook
Lenguaje:portugués
Publicado: Curitiba: Bonijuris, 2014
Materias:
Acceso en línea:Acceso restringido

MARC

LEADER 00000nam a22000007a 4500
005 20170319214624.0
007 cr|||| ||||
008 170319s2014 br |||||s|||| 00| 0 por d
020 |a 978-85-65017-05-3 
035 |a 12768 
040 |a vLex 
090 |c 6614  |d 6614 
100 1 |a Krieger, Olga Maria 
245 1 0 |a Legislaȯ̂ do condomn̕io  |h [Recurso electrn̤ico] :  |b Coletńea prt̀ica /  |c Olga Maria Krieger, Luiz Fernando de Queiroz 
256 |a Servicio en ln̕ea 
260 |a Curitiba:  |b Bonijuris,  |c 2014 
300 |a 1 recurso electrn̤ico 
506 1 |a Disponible solo en los productos indicados  |d vLex Global  |d vLex Global (Academic Edition, excluding Law Schools)  |d vLex Global (U.S. Academic Edition, Law Schools)  |d vLex Global (U.S. Academic Edition, excluding Law Schools)  |d vLex Global (Academic Edition, Law Schools) 
650 0 4 |a Derechos Reales  |z Brasil 
700 1 |a de Queiroz, Luiz Fernando 
740 0 |a vLex Libros (Servicio en ln̕ea) 
856 4 0 |u http://vlex.com/source/legisla-o-condominio-colet-nea-pratica-12768  |z Acceso restringido 
942 |c BOOK 
999 0 |a Real rights